| 000 | 01097nam a22002417a 4500 | ||
|---|---|---|---|
| 005 | 20140903174947.0 | ||
| 008 | 131021s2011 ve frn 000 0 spa | ||
| 020 | _a9789801113393 | ||
| 040 |
_aCO-BoUCM _cAngélica Rojas _dAldemar Mondragón _bspa |
||
| 041 | 0 | 0 | _aspa |
| 100 | 1 |
_aLópez Bohórquez, Alí Enrique _948489 |
|
| 245 | 1 | 3 |
_aLa fundación de la Universidad de Los Andes 21 de septiembre de 1810 _cAlí Enrique López Bohórquez |
| 260 |
_aMérida (Venezuela) _bRectorado de la Universidad de Los Andes _bCentro de Estudios Históricos Carlos Emilio Muñoz Oráa _c2011 |
||
| 300 | _a376 páginas | ||
| 504 | _aIncluye referencias bibliográficas | ||
| 610 | 2 | 0 |
_aUniversidad de los Andes _xHistoria _948490 _zMérida (Venezuela) |
| 650 | 7 |
_aEducación superior _xHistoria _zMérida (Venezuela) _948598 |
|
| 650 | 7 |
_aUniversidades _xHistoria _zMérida (Venezuela) _948599 |
|
| 690 |
_942799 _aEducación superior |
||
| 710 | 1 |
_aUniversidad de Los Andes _bCátedra Libre de Historia _948493 |
|
| 942 |
_a10 _cLIBRO _e1 _mL925f _2DEWEY _h378.8713 |
||
| 999 |
_c182265 _d182265 |
||